01479nam a2200361 a 4500001001000000003000500010005001700015008004100032010001100073011001100084040000900095090001000104100004900114245015000163260004100313500006000354502007500414590002800489590002800517590002700545590002700572650003700599650004100636650002200677650002100699856007000720901000700790942001500797942001100812999001900823952013500842952014000977000108621CHAP20220823141735.0140227s2012 mx a sm |||||||spa d a105083 a106055 cCHAP aTesis1 aSantillán Gómez, Emma Anayantzin912565810aAnálisis de variables reproductivas en ovejas de lana durante la época reproductiva con suplementación de selenio y glutaminah[En línea] aChapingo, Méx. :bEl autor.c2012. aPara ver el contenido del material haga clic en la liga aTesis (Ing. Agr. Esp. en Zootecnia) -- UACH. Departamento de Zootecnia aBATCH-UPDb05c20140324 aBATCH-UPDb05c20141002 aE5652GLJb05c20140227 aE5652GLJb05c2014022714aGanado lanarxFecundidad.94518114aGanado lanarxInseminación.94518814aGlutamato.94833714aSelenio.9103791 aFinding aiduhttp://10.13.5.2/tesis/sist108621.pdfzTeclea aquí aBK cTESIS2ddc n02ddc c105083d105083 00102local4051708TESISaBCbBCcPA_TESISd2014-02-27fTESISl0oTesisp33724002359470r2019-12-31 00:00:00w2014-02-27yTESIS 00102local4053708TESISaBCbBCcPA_TESISd2014-02-27fTESISl0oTesisp33724002359512r2019-12-31 00:00:00tc.2w2019-12-31yTESIS